|
|
|
|
| LEADER |
00000caa a2200000 c 4500 |
| 001 |
1647422558 |
| 003 |
DE-627 |
| 005 |
20221007135704.0 |
| 007 |
tu |
| 008 |
160818s2016 xx ||||| 00| ||ger c |
| 035 |
|
|
|a (DE-627)1647422558
|
| 035 |
|
|
|a (DE-576)476253624
|
| 035 |
|
|
|a (DE-599)BSZ476253624
|
| 040 |
|
|
|a DE-627
|b ger
|c DE-627
|e rda
|
| 041 |
|
|
|a ger
|
| 084 |
|
|
|a 2,1
|2 ssgn
|
| 100 |
1 |
|
|a Schäfersküpper, Michael
|e VerfasserIn
|0 (DE-588)1173716807
|0 (DE-627)1043565906
|0 (DE-576)515625892
|4 aut
|
| 109 |
|
|
|a Schäfersküpper, Michael
|
| 245 |
1 |
0 |
|a Anmerkung
|c Michael Schäfersküpper, Fachhochschule für Rechtspflege Nordrhein-Westfalen, Bad Münstereifel
|
| 246 |
1 |
|
|i Anmerkung zu
|a BVerfG, 2. Kammer des 2. Senats, Beschl. v. 16.12.2015
|
| 246 |
1 |
|
|i Entscheidungsinhalt
|a Gefangenenvergütung
|
| 264 |
|
1 |
|c 2016
|
| 336 |
|
|
|a Text
|b txt
|2 rdacontent
|
| 337 |
|
|
|a ohne Hilfsmittel zu benutzen
|b n
|2 rdamedia
|
| 338 |
|
|
|a Band
|b nc
|2 rdacarrier
|
| 500 |
|
|
|a Entscheidung abgedruckt auf Seiten 580-582
|
| 773 |
0 |
8 |
|i Enthalten in
|t Strafverteidiger
|d Köln : Heymanns, 1981
|g 36(2016), 9, Seite 582-583
|w (DE-627)129098132
|w (DE-600)8277-6
|w (DE-576)014434857
|x 0720-1605
|7 nnas
|
| 773 |
1 |
8 |
|g volume:36
|g year:2016
|g number:9
|g pages:582-583
|
| 951 |
|
|
|a AR
|
| ELC |
|
|
|b 1
|
| ORI |
|
|
|a SA-MARC-krimdok_oa001.raw
|